Zlé odbočenie európskej finančnej regulácie hľadanie rovnováhy medzi národným a nadnárodným dohľadom nad finančnými trhmi
Európska únia reaguje na stretnutie predstaviteľov skupiny G-20 v Pittsburghu. Plán globálnej regulácie finančných trhov. Európska rada pre systémové riziká (ESCR) a tri nové úrady EÚ pre dohľad nad finančným trhom. Vytvorenie celoúniového regulačného systému pre finančnú integráciu v Európe.
Guardado en:
| Autor principal: | |
|---|---|
| Otros Autores: | |
| Formato: | Capítulo de libro |
| Lenguaje: | eslovaco |
| Materias: | |
| Etiquetas: |
Sin Etiquetas, Sea el primero en etiquetar este registro!
|
MARC
| LEADER | 00000naa$a2200000$$$4500 | ||
|---|---|---|---|
| 001 | 0109960 | ||
| 005 | 20220725111732.2 | ||
| 041 | 0 | |a slo | |
| 044 | |a SK | ||
| 245 | 1 | 0 | |a Zlé odbočenie európskej finančnej regulácie |b hľadanie rovnováhy medzi národným a nadnárodným dohľadom nad finančnými trhmi |c Erik Berglof, Katharina Pistorová |
| 520 | |a Európska únia reaguje na stretnutie predstaviteľov skupiny G-20 v Pittsburghu. Plán globálnej regulácie finančných trhov. Európska rada pre systémové riziká (ESCR) a tri nové úrady EÚ pre dohľad nad finančným trhom. Vytvorenie celoúniového regulačného systému pre finančnú integráciu v Európe. | ||
| 610 | 2 | 0 | |a trh finančný medzinárodný |
| 610 | 2 | 0 | |a Európska únia |
| 610 | 2 | 0 | |a zmluvy medzinárodné |
| 610 | 2 | 0 | |a spolupráca medzinárodná |
| 610 | 2 | 0 | |a politika verejná |
| 610 | 2 | 0 | |a právo finančné |
| 100 | 1 | |a Berglof, Erik | |
| 700 | 1 | |a Pistorová, Katharina | |